| 000 | 00779nam a2200217 a 4500 | ||
|---|---|---|---|
| 001 | 22749 | ||
| 003 | CO-ViMGA | ||
| 008 | 141112s2004 ck r 000 u spa d | ||
| 020 | _a9586908437 | ||
| 040 |
_aCO-ViMGA _bspa _cCO-ViMGA |
||
| 082 | 0 | 4 | _a347.069 O776a |
| 100 | 1 |
_aOssorio, Ángel _932467 |
|
| 245 | 1 | 0 |
_aEl alma de la toga : _bElogio del abogado Hernando Londoño Jiménez |
| 260 |
_aColombia : _bLeyer |
||
| 300 | _a173 | ||
| 505 | _aLa fuerza interior, El secreto profesional, La moral del abogado, La independencia, El trabajador, La palabra, El amianto, Decalogo del abogado | ||
| 650 | 1 | 4 |
_a(ABOGADOS - ética PROFESIONAL) _932468 |
| 650 | 1 | 4 |
_a(ABOGADOS - PRACTICA PROFESIONAL - ASPECTOS MORALES) _932469 |
| 650 | 1 | 4 |
_a(ética LEGAL) _932470 |
| 942 |
_2ddc _cBK |
||
| 999 |
_c31047 _d31047 |
||